Loading...

Molecular structure and spectroscopy

Bibliographic Details
Main Author: Aruldhas, G.
Format: Printed Book
Language:English
Published: New Delhi, PHY Learning 2009
Edition:2nd ed.
Subjects:
LEADER 02643nam a22003377a 4500
005 20200810155156.0
008 110207t xxu||||| |||| 00| 0 eng d
082 |a 539/.12  |b ARU 
100 |a Aruldhas, G.  |9 8378 
245 |a Molecular structure and spectroscopy 
250 |a 2nd ed. 
300 |a xvi,427p. 
653 |a Molecular spectroscopy  |a Molecular structure 
942 |c BK  |6 _ 
260 |a New Delhi,  |b PHY Learning  |c 2009 
020 |a 9788120332157 
999 |c 214942  |d 214942 
952 |0 0  |1 0  |2 ddc  |4 0  |6 53912_ARU3  |7 0  |9 278586  |a PHY  |b PHY  |d 2011-02-07  |l 10  |m 1  |o 539/.12 ARU;3  |p PHY013461  |r 2020-02-20  |s 2020-02-20  |t 4  |w 2011-02-07  |y BK 
952 |0 0  |1 0  |2 ddc  |4 0  |6 53912_ARU1  |7 0  |9 278587  |a PHY  |b PHY  |d 2011-02-11  |l 9  |m 2  |o 539/.12 ARU;1  |p PHY013509  |r 2020-02-20  |s 2020-02-20  |t 2  |w 2011-02-11  |y BK 
952 |0 0  |1 0  |2 ddc  |4 0  |6 53912_ARU4  |7 0  |9 278588  |a PHY  |b PHY  |d 2011-04-11  |l 8  |m 1  |o 539/.12 ARU;4  |p PHY012581  |r 2019-10-24  |s 2019-10-24  |t 5  |w 2011-04-11  |y BK 
952 |0 0  |1 0  |2 ddc  |4 0  |6 53912_ARU6  |7 0  |9 278589  |a PHY  |b PHY  |d 2012-02-21  |l 8  |m 1  |o 539/.12 ARU;6  |p PHY013682  |r 2020-02-20  |s 2020-02-20  |t 7  |w 2012-02-21  |y BK 
952 |0 0  |1 0  |2 ddc  |3 2nd ed.  |4 0  |6 53912_ARU8  |7 0  |9 278590  |a PHY  |b PHY  |d 2012-09-03  |l 6  |o 539/.12 ARU;8  |p PHY013858  |r 2019-04-25  |s 2019-02-14  |t 9  |w 2012-09-03  |y BK 
952 |0 0  |1 0  |2 ddc  |3 2nd ed.  |4 0  |6 53912_ARU10  |7 0  |9 278591  |a PHY  |b PHY  |d 2012-09-03  |l 4  |o 539/.12 ARU;10  |p PHY013860  |r 2019-03-30  |s 2019-03-30  |t 11  |w 2012-09-03  |y BK 
952 |0 0  |1 0  |2 ddc  |3 2nd ed.  |4 0  |6 53912_ARU12  |7 0  |9 278592  |a PHY  |b PHY  |d 2015-10-08  |l 8  |o 539/.12 ARU;12  |p PHY014355  |r 2020-02-20  |s 2020-02-20  |t 13  |w 2015-10-08  |y BK 
952 |0 0  |1 0  |2 ddc  |3 2nd ed.  |4 0  |6 53912_ARU14  |7 0  |9 278593  |a PHY  |b PHY  |d 2016-12-21  |l 5  |o 539/.12 ARU;14  |p PHY014655  |r 2020-02-20  |s 2020-02-20  |t 15  |w 2016-12-21  |y BK 
952 |0 0  |1 0  |2 ddc  |3 2nd ed.  |4 0  |6 53912_ARU16  |7 0  |9 278594  |a PHY  |b PHY  |d 2016-12-21  |l 4  |o 539/.12 ARU;16  |p PHY014657  |r 2020-02-20  |s 2020-02-20  |t 17  |w 2016-12-21  |y BK 
952 |0 0  |1 0  |2 ddc  |3 2nd ed.  |4 0  |6 53912_ARU18  |7 0  |9 278595  |a PHY  |b PHY  |d 2017-03-18  |l 4  |o 539/.12 ARU;18  |p PHY014784  |r 2020-02-19  |s 2020-02-19  |t 19  |w 2017-03-18  |y BK 
952 |0 0  |1 0  |2 ddc  |3 2nd ed.  |4 0  |6 53912_ARU20  |7 0  |9 278596  |a PHY  |b PHY  |d 2017-03-18  |l 5  |o 539/.12 ARU;20  |p PHY014786  |r 2020-02-20  |s 2020-02-20  |t 21  |w 2017-03-18  |y BK 
952 |0 0  |1 0  |2 ddc  |3 2nd ed.  |4 0  |6 53912_ARU22  |7 0  |9 278597  |a PHY  |b PHY  |d 2017-03-18  |l 4  |o 539/.12 ARU;22  |p PHY014831  |r 2019-04-25  |s 2019-04-25  |t 23  |w 2017-03-18  |y BK 
952 |0 0  |1 0  |2 ddc  |3 2nd ed.  |4 0  |6 53912_ARU24  |7 0  |9 278598  |a PHY  |b PHY  |d 2017-03-18  |l 1  |o 539/.12 ARU;24  |p PHY014833  |r 2019-10-24  |s 2019-10-24  |t 25  |w 2017-03-18  |y REF 
952 |0 0  |1 0  |2 ddc  |3 2nd ed.  |4 0  |6 53912_ARU26  |7 0  |9 278599  |a PHY  |b PHY  |d 2017-03-18  |l 5  |m 1  |o 539/.12 ARU;26  |p PHY014835  |r 2020-02-24  |s 2020-02-17  |t 27  |w 2017-03-18  |y BK